000
00195 a2200097 4500
001
45428
100
_a
245
_a
A vanished present
260
_a
Melbourne
_b
Oxford
_c
090
_c
28592
_d
28592
942
_a
NUST-CAE
_c
_c
20660
999
_c
280501
_d
280501